| 000 | 01154nmc a2200373 a 4500 | ||
|---|---|---|---|
| 003 | AR-BaBNM | ||
| 005 | 20251128204326.0 | ||
| 008 | 255119s1989 ||||||||||||||000 | spa|| | ||
| 020 | _a950-582-262-1 | ||
| 040 | _cAR-BaBNM | ||
| 245 | 1 | 0 |
_aUna educación para el desarrollo _bla animación sociocultural |
| 260 |
_aBuenos Aires _bHumanitas _bInstituto de Ciencias Sociales Aplicadas _c1989 |
||
| 300 | 0 | _a81 p. | |
| 490 | 0 | _aIcsa-Humanitas | |
| 500 | 0 | _aCoordinación y producción por Osvaldo Dubini | |
| 500 | 0 | _aContiene referencias bibliográficas | |
| 650 | 4 | _aEDUCACION PERMANENTE | |
| 650 | 4 | _aPROYECTOS EDUCACIONALES | |
| 650 | 4 | _aORGANIZACION DE LA EDUCACION | |
| 650 | 4 | _aUNIVERSIDADES ESTATALES | |
| 650 | 4 | _aDESARROLLO DE LA EDUCACION | |
| 650 | 4 | _aDESARROLLO SOCIAL | |
| 650 | 4 | _aDESARROLLO CULTURAL | |
| 650 | 4 | _aPARTICIPACION DE LA COMUNIDAD | |
| 650 | 4 | _aPOLITICA EDUCATIVA | |
| 653 | _aEDUCACION POPULAR | ||
| 700 | 1 | _aFreire, Paulo | |
| 700 | 1 | _aAnder-Egg, Ezequiel | |
| 700 | 1 | _aMarchioni, Marco | |
| 700 | 1 | _aMonera Olmos, Ma. Luisa | |
| 700 | 1 | _aRiva, Fernando de la | |
| 942 | _cBK | ||
| 998 | _cGrace | ||
| 999 |
_c7031 _d7031 |
||